[Event "Chebanenco Memorial 1st"]
[Site "Kishinev"]
[Date "1998.02.12"]
[Round "4"]
[White "Lanka, Zigurds"]
[Black "Rogozenco, Dorian"]
[Result "1-0"]
[WhiteElo "2525"]
[BlackElo "2495"]
[Annotator "Rogozenco,D"]
[PlyCount "63"]
[EventDate "1998.02.09"]
[EventType "tourn"]
[EventRounds "9"]
[EventCountry "MDA"]
[EventCategory "12"]
[SourceTitle "CBM 064"]
[Source "ChessBase"]
[SourceDate "1998.06.02"]
[SourceVersion "1"]
[SourceVersionDate "1998.06.02"]
[SourceQuality "1"]

1. e4 {Ftacnik Atlas,V} c5 2. Nf3 d6 3. d4 cxd4 4. Nxd4 Nf6 5. Nc3 a6 6. Be3
Ng4 7. Bg5 h6 8. Bh4 g5 9. Be2 Bg7 10. Bg3 h5 11. Bxg4 Bxg4 12. f3 Bd7 13. Bf2
Nc6 14. O-O e6 (14... Ne5 15. Nde2 Rc8 16. Nd5 Be6 17. Bd4 Bxd5 18. exd5 Qa5
19. f4 gxf4 20. Nxf4 $14 {Lanka-Ftacnik,Pula1997} (20. Nxf4 {Atlas,V} Qa4 21.
c3 Qxd1 22. Raxd1 Rh7 23. Bxe5 Bxe5 24. Nd3 {+/= Lanka,Z-Ftacnik,L/EU-chTM
1997- see my analysis in CBM 59})) (14... Rc8 15. Nd5 e6 16. Nxc6 Bxc6 (16...
Rxc6 {Ftacnik} 17. Bd4 Be5 18. Ne3 f6 19. Rf2 Ke7 20. c3 Qa5 21. Rd2 Rhc8 22.
Bxe5 Qxe5 23. Rd4 {1-0 Bologan,V-Ribli,Z/Deutschland 1996 (35)}) 17. Bd4 $14 {
Bologan-Ribli,BL9697}) 15. Nde2 $1 $146 {A strong novelty. I think White is
already clear better and the hole line is dubious, although Black had excelent
results in the practice. I thought for a long time here, but could not find
any counterplay. Black has many weaknesses and the last move made by White is
the best way to exploit them.  Atlas: Not the most popular move, which however
proves an interesting undertaking. For more details on the main alternatives:
15.Nc6 and 15.Nce2 - see CBM 60-63.  Ftacnik: Lanka is a diligent grandmaster,
he studies openings with open mind. The novelty undelines the weakness of d6
pawn and white can multiply the pressure against it.} (15. Nxc6 {Atlas,V see
CBM 60-63.}) (15. Nce2 {Atlas,V see CBM 60-63.}) (15. Qd2 {Ftacnik} Ne5 16. b3
Rc8 (16... Ng6 17. Rad1 g4 18. f4 h4 19. Nde2 h3 20. g3 Rc8 21. e5 d5 {0-1
Anand,V-Kasparov,G/Geneva Credit Suisse 1996 (54)}) 17. Nce2 g4 18. f4 h4 19.
Rad1 Nc6 20. c4 Ne7 21. Be3 h3 22. g3 {1/2-1/2 Garbisu,U-Reinaldo,R/ESP-ch
1997/EXP 60 (33)}) 15... Ne5 (15... Be5 16. Qd2 (16. Na4 $5 $16 {Lanka}) 16...
h4 (16... Rc8 {Ftacnik} 17. Rad1 $14) 17. Be3 $16 {עe8}) 16. a4 $1 (16. Qxd6
$2 Nc4 17. Qb4 b5 $132 (17... b5 $1 {Ftacnik} 18. Nd1 a5 19. Qe1 Nxb2 $13)) (
16. b3 $6 $14) 16... Bc6 17. Bd4 $16 {[עe8,Pd6,g5,h5]} h4 (17... g4 18. f4 $16
) (17... O-O $2 {Atlas,V falls short after} 18. f4 {קh5}) (17... Rc8 {Ftacnik}
18. b4 $5 Qd7 (18... b5 19. axb5 axb5 20. f4 gxf4 21. Nxf4 $14) 19. f4 gxf4 20.
Nxf4 $14) 18. h3 b5 $6 {I didn`t like making such a move, but I didn`t want to
wait either. However, opening the position on the queenside it`s only in
White`s favour.} (18... Rh7 $5) (18... O-O {Atlas,V deserved here serious
attention.}) (18... Rc8 {Ftacnik} 19. b4 $5) 19. axb5 axb5 20. Rxa8 Qxa8 (20...
Bxa8 $2 {Ftacnik} 21. Nxb5 $18) 21. b3 f5 $2 {Atlas: An untimely action. This
move must be blamed for the black's failure. It seriously weakens the pawn
structure, when the black king is still in the center.} (21... b4 22. Nb1 $16 (
22. Nb1 {Ftacnik} f5 (22... g4 23. hxg4 (23. f4 Bxe4 24. fxe5 dxe5 25. Bc5 Bxg2
26. Rxf7 Kxf7 27. Qd7+ $11) 23... h3 24. gxh3 Rxh3 25. Nd2 Qd8 $14) 23. Bf2 O-O
24. Qxd6 fxe4 25. Qxe6+ Rf7 $13)) (21... Ke7 {Atlas,V or 21...Qd8 /\0-0 were
to be preferred.}) (21... O-O $5 {Ftacnik} 22. Qd2 (22. Be3 b4 23. Nb1 d5 24.
exd5 Bxd5 25. Bxg5 Bxf3 26. gxf3 Nxf3+ 27. Rxf3 Qxf3 $36) 22... Qd8 23. Be3 f6
24. Rd1 (24. f4 gxf4 25. Nxf4 Qe7 26. Ra1 Rd8 $13) 24... Nf7 25. Nd4 Qd7 $14)
22. f4 $1 ({Efficient and unexpected response. At expense of weakening the
main diagonal, White develops very dangerous initiative. After} 22. exf5 {
Atlas,V} exf5 {/\g5-g4 Black obtains dangerous counterplay.} ({weaker is} 22...
g4 $6 23. Nf4 {/\Ne6}) (22... exf5 {Ftacnik} 23. f4 gxf4 (23... Bxg2 24. Nxb5
O-O 25. fxe5 Bxf1 26. Qxf1 dxe5 $11) 24. Nxf4 b4 25. Na4 $14)) 22... b4 (22...
gxf4 $142 23. Nxf4 Rh6 24. exf5 exf5 $16 (24... exf5 {Ftacnik} 25. Nce2 Qd8 26.
Ba1 Be4 27. Nd4 $16)) 23. fxe5 bxc3 (23... dxe5 24. Bc5 bxc3 25. Qd6 $18 (25.
Qd6 {Ftacnik} Qb7 26. Qxe6+ Kd8 27. Rd1+ $18)) 24. exd6 $18 e5 ({After} 24...
O-O {Atlas,V} 25. Bxg7 Kxg7 26. Qd4+ {followed by 27.Nc3 Black's position is
unbearable.}) (24... Bxd4+ {Ftacnik} 25. Qxd4 O-O 26. Nxc3 $18) 25. Bc5 $1 {
Ftacnik: Perfect picture of the black's folly, pawns c3 and f5 are under fire
and the king on e8 still doesn't sit pretty.} (25. Bxc3 Qa7+ 26. Kh2 Bxe4 $16)
25... Bxe4 ({No chances offers} 25... O-O {Atlas,V} 26. Nxc3 $18 (26. Rxf5 {
Ftacnik} Rxf5 (26... Bxe4 27. Rxg5 Qc6 28. b4 Qa4 29. Nxc3 Qxc2 30. Qxc2 Bxc2
31. Rg4 $18) 27. exf5 Bxg2 28. d7 Bf6 29. Nxc3 Bxh3 30. Qd5+ Qxd5 31. Nxd5 Bd8
32. Bb6 Bxf5 33. Bxd8 Bxd7 34. Nf6+ Kf7 35. Nxd7 Ke8 36. Bxg5 $18)) (25... fxe4
{Ftacnik} 26. d7+ $1 Bxd7 27. Qd6 Kd8 28. Bb6+ Ke8 29. Qg6+ $18) 26. d7+ Kf7 (
26... Kd8 {Ftacnik} 27. Qd6 Qb7 28. Qe7+ $18) 27. Nxc3 Bxg2 (27... Rd8 {Ftacnik
} 28. Nxe4 Qxe4 29. Qh5+ Kf6 30. Qe8 $1 $18) 28. Rxf5+ Kg6 (28... Bf6 {Ftacnik}
29. Qd6 Qd8 30. Kxg2 $18) (28... Ke6 {Ftacnik} 29. Rf2 Bc6 30. Qg4# (30. Qd6#))
29. Qg4 {Atlas: After this move Black could resign with clear consciense.
Ftacnik: Black is utterly lost already for many reasons, the king's
vulnerability beeing the most important.} (29. Be7 {Ftacnik} Kxf5 30. Qg4+ Kg6
31. Qe6+ Kh7 (31... Kh5 32. Qf5 Qa7+ 33. Kxg2 Qe3 34. Ne4 $18) 32. Qf5+ Kg8 33.
d8=Q+ Qxd8 34. Bxd8 $18) 29... Bf6 (29... Bh6 {Ftacnik} 30. Rxe5 Qf3 31. Qxg2
$18) 30. Rf2 Bb7 (30... Qa1+ {Ftacnik} 31. Kxg2 Qxc3 32. Qf5+ $18) 31. Qf5+ Kh5
32. Qxf6 (32. Qxf6 {Ftacnik} Qa1+ 33. Rf1 $18) 1-0

[Event "London Classic 7th"]
[Site "London"]
[Date "2015.12.06"]
[Round "3"]
[White "Vachier Lagrave, Maxime"]
[Black "Topalov, Veselin"]
[Result "1-0"]
[WhiteElo "2765"]
[BlackElo "2803"]
[Annotator "Roiz,M"]
[PlyCount "75"]
[EventDate "2015.12.04"]
[EventType "tourn"]
[EventRounds "9"]
[EventCountry "ENG"]
[EventCategory "22"]
[SourceTitle "CBM 170"]
[Source "ChessBase"]
[SourceDate "2016.01.15"]
[SourceVersion "1"]
[SourceVersionDate "2016.01.15"]
[SourceQuality "1"]

1. e4 c5 2. Nf3 d6 3. d4 cxd4 4. Nxd4 Nf6 5. Nc3 a6 {The Najdorf is the main
weapon of both players.} 6. h3 {This move is becoming more and more popular.}
e5 ({Topalov has also tried:} 6... e6 {, which also leads to a very complex
battle.}) 7. Nde2 h5 8. g3 Nbd7 {Veselin deviates from the main theoretical
continuations and chooses a less explored move.} 9. Bg2 {This natural move is
quite toothless: Black manages to push b7-b5 without losing control over the
d5-square.} ({The most critical move seems to be} 9. a4 $5 {, reducing Black's
active possibilities on the queenside. For instance,} b6 ({The previously
played} 9... h4 {doesn't look attractive for Black here:} 10. g4 Nc5 11. Bg2
Be6 12. a5 Be7 13. b4 Ncd7 14. Nd5 $14 {Baklan,V-Dziuba,M, Lublin 2nd 2010})
10. Bg2 Bb7 11. O-O Be7 12. Bg5 O-O 13. Qd2 Rc8 14. Rfd1 {Shirov,A - Oparin,G ,
Nutcracker Rapid 2014, White's position was somewhat more pleasant due to an
advantage in space.}) 9... b5 {This position is already quite comfortable for
Black.} 10. Nd5 ({The ambitious} 10. a4 $6 {only helps Black to develop his
counterplay:} b4 11. Nd5 Nxd5 12. exd5 a5 13. O-O Ba6 14. Re1 Be7 $15 {Sax,
G-Tatai,S, Bratto 2007}) 10... Nxd5 11. Qxd5 {No doubt, Maxime would prefer to
have a minor piece on d5.} Rb8 $146 {A novelty. Topalov reasonably keeps his
his knight on d7 for a while - since there are few decent routes for it to
take.} (11... Nb6 12. Qd1 Be6 13. f4 f6 14. Nc3 Rc8 $132 {Zherebukh,Y-Gromovs,
S, Campobasso op-A 2010}) 12. Be3 Be7 13. Qd2 Nf6 ({The tempting looking} 13...
b4 {can be met with:} 14. c4 $1 O-O 15. O-O Nc5 16. b3 $14 {and White gets a
small, but long-lasting advantage: Black lacks any active ideas.}) ({However,
it was possible to start with} 13... O-O $1 {keeping the Nd7 on its place for
a while} {and now if} 14. O-O-O Qc7 {then Black would be ready to meet} 15. g4
{with} h4 $1 16. Nc3 Bb7 $132) 14. O-O ({The more aggressive way of handling
the position was:} 14. O-O-O $5 Qc7 ({But} 14... O-O $6 {is unsuccessful in
view of} 15. g4 $1 hxg4 16. Ng3 {with a powerful attack.}) 15. Kb1 b4 16. Bg5
a5 $132) 14... O-O {Now, when there is no threat of a kingside attack, it
definitely makes sense to castle.} 15. Kh2 Bb7 (15... a5 $5 {also deserved
some attention:} 16. a3 (16. Nc3 $6 {is premature:} b4 17. Nd5 Nxd5 18. exd5 f5
$15) 16... Qc7 17. Nc3 Bd7 $132) 16. Nc3 Rc8 17. a4 b4 18. Nd5 Nxd5 ({Another
interesting move was} 18... Bxd5 $5 19. exd5 a5 20. Rfc1 Nd7 21. c3 Nc5 22. Qd1
bxc3 23. Rxc3 h4 $132) 19. exd5 a5 20. Qe2 Bg5 $1 {The exchange of bishops
would temporarily leave the Pa5 unprotected, but it is a correct decision.} ({
The alternative -} 20... Qe8 21. c4 $1 {should be met with a pawn sac} ({
Instead, the ''greedy''} 21. Qxh5 f5 22. Qxe8 Rfxe8 23. Rfc1 Bf6 $44 {offers
Black excellent compensation and easy play.}) 21... bxc3 22. bxc3 Rxc3 23. Rfb1
Qa8 24. Qb5 $14) 21. Bxg5 Qxg5 22. h4 $6 {Wasting an important tempo. White's
position isn't good from a strategic point of view, so} ({it was better to
change the character of the battle and accept the challenge:} 22. Qb5 Qe7 23.
Qxa5 Rxc2 24. Rac1 (24. Qxb4 {is possible also, then after} Qc7 $1 25. Qa3 Ba6
26. Be4 Re2 {Black would obtain sufficient counterplay.}) 24... Rxb2 25. Rb1
Ra2 26. Qxb4 Ba6 27. Qb3 {with complex, double-edged play.}) 22... Qf6 $2 {
A strange reply. Now White's previous move is fully justified!} ({At the same
time,} 22... Qe7 {would allow Veselin to consolidate and keep a definite
positional advantage:} 23. Qxh5 (23. Rac1 {is hardly any better:} f5 24. Qxh5
e4 {the Pd5 is going to fall, after which White's pieces are very passive.})
23... Rc5 (23... Rxc2 $2 24. Be4 g6 25. Bxg6 fxg6 26. Qxg6+ $18) 24. Be4 g6 25.
Qh6 Bxd5 26. Bxd5 Rxd5 $15) 23. Qb5 Qe7 24. Qxa5 Rxc2 {Now in comparison to
the line with 22.Qb5, White benefits from having the pawn on h4 - Black's
kingside activity is limited.} 25. Rac1 $1 {The most energetic.} ({Instead,} 
25. Qb6 {trying to promote the a-passer would yield Black full control over
the c-file:} Rfc8 26. a5 Qc7 27. Qb5 Rc5 28. Qxb4 Ra8 $11) 25... Rxb2 26. Rb1 {
White manages to grab the pawn back.} Ra2 (26... Ra8 27. Qxa8+ Bxa8 28. Rxb2
Qa7 29. Rxb4 f5 30. Ra1 e4 31. a5 Bxd5 32. Kg1 $1 ({The inaccurate} 32. a6 {
gives Black sufficient counterplay after} f4 $1 33. gxf4 Qxf2 34. a7 Kh7 35.
Rb5 e3 36. Rxd5 Qxf4+ 37. Kh1 Qxh4+ 38. Kg1 Qf2+ $11) 32... Kf7 $14 {Black's
position is quite unpleasant, but the Kg1 is not that safe, and that makes
White's task very difficult.}) 27. Qxb4 Ba6 28. Qb3 ({Possibly, a stronger
move was} 28. Ra1 $5 Rxa1 29. Rxa1 Qc7 30. a5 Rb8 31. Qa3 $14 {Black has
manages to avoid the penetration of White's pieces into his camp, but the
strong Pa5 still offers White a definite advantage.}) 28... Bxf1 (28... Re2 29.
Qb6 Ra8 30. Rfc1 Qf6 31. Rb2 $14) 29. Qxa2 Bxg2 30. Kxg2 {The Bg2 is gone, so
White's king is getting more vulnerable. However, Black has to play very
precisely in order to prove it.} Ra8 $2 {Switching to a passive defence is the
wrong strategy!} ({All the same, after} 30... e4 $1 31. Qc4 (31. a5 $6 e3 32.
Re1 Qe4+ 33. Kh2 Rc8 $1 34. Rxe3 Rc2 35. Rxe4 Rxa2 $11) 31... f5 32. Rb4 Ra8
$14 {Black would obtain excellent drawing chances.} (32... e3 $5 33. Qe2 Re8
$14)) 31. a5 e4 $2 {This advance is not useful any longer. Moreover, it
invites new troubles.} ({The patient} 31... Qa7 32. Rb5 g6 33. a6 Qd4 $16 {
would allow Topalov to stay in the game.}) 32. Rb3 $1 f5 33. Qd2 $6 {There was
no reason for such prophylactic measures.} ({There was the much stronger} 33.
a6 $1 f4 34. Rb7 Qf6 35. a7 fxg3 36. fxg3 Qf3+ 37. Kh2 Kh7 38. Qb2 Qg4 39. Qf2
$18 {with full domination.}) 33... Qc7 $2 {The last mistake.} (33... Qf7 $1 {
was necessary:} 34. Rb5 Qf6 $16 {it would be not easy for White to make
further progress. For instance, nothing is achieved by} 35. Qb4 $6 Qe5 36. Rb8+
Rxb8 37. Qxb8+ Kh7 38. a6 e3 $1 $11 {leads to perpetual check.}) 34. Qb2 $1 {
White's pieces are dominationg all over the board now.} Rxa5 ({A more stubborn
try would be} 34... Qxa5 35. Rb7 Qa1 36. Rxg7+ Kh8 {, but after} 37. Qxa1 Rxa1
38. Rg5 Kh7 39. Rxf5 Kg6 40. Rg5+ Kh6 41. Rg8 Ra5 42. Re8 Rxd5 43. Rxe4 $18 {
White gets a winning rook ending.}) 35. Rb7 Ra2 36. Qb5 Rxf2+ {Desperation.} ({
Nor was there any hope after} 36... Qc1 37. Qe8+ Kh7 38. Qxh5+ Qh6 39. Qxf5+
Qg6 40. Qxg6+ Kxg6 41. Re7 $18) 37. Kxf2 Qc2+ 38. Qe2 1-0

[Event "RUS-ch 68th"]
[Site "Chita"]
[Date "2015.08.16"]
[Round "7"]
[White "Karjakin, Sergey"]
[Black "Artemiev, Vladislav"]
[Result "1-0"]
[WhiteElo "2753"]
[BlackElo "2671"]
[Annotator "Sagar Shah"]
[PlyCount "105"]
[EventDate "2015.08.09"]
[EventType "tourn"]
[EventRounds "11"]
[EventCountry "RUS"]
[EventCategory "18"]
[SourceTitle "CBM 168"]
[Source "ChessBase"]
[SourceDate "2015.09.14"]
[SourceVersion "1"]
[SourceVersionDate "2015.09.14"]
[SourceQuality "1"]

1. e4 c5 2. Nf3 d6 3. d4 cxd4 4. Nxd4 Nf6 5. Nc3 a6 6. f3 {White would like to
play the English Attack setup in this game with Be3-Qd2-pawn to f3. But Be3
here could be met with Ng4. Hence, he starts off with 6.f3.} Qb6 {is a way to
stop White's normal way of developing with Be3 and Qd2. But I think we should
pay special attention to how Karjakin reacts to it. White gets a tangible
advantage out of the opening.} (6... e5) (6... e6 {Both the e-pawn pushes have
a huge body of theory behind them.}) 7. g4 (7. Nb3 {is played more frequently
with the idea of Bf4, Qd2 and 0-0-0. or Qe2-Be3 and 0-0-0.} e6 8. Qe2 (8. Bf4
$5 {[%cal Gd1d2,Ge1c1]}) 8... Qc7 9. Be3 b5 10. O-O-O {With a normal Sicilian
position.}) 7... e6 (7... Nc6 8. Nb3 e6 9. Qe2 Qc7 10. Be3 {1/2-1/2 (20)
Grischuk,A (2663)-Kasparov,G (2849) Cannes 2001 is another way in which the
game can develop and maybe a much more accurate move order than in the game
because as we shall see Karjakin is able to get the bishop on e3 without
having to move his d4 knight.}) 8. a3 $5 {Whenever the b-pawn is attacked, the
move a3 is quite useful because Qxb2 can now be met with Na4 trapping the
queen.} Nc6 (8... Be7 $6 9. Be3 $1 Qxb2 10. Na4 $18) 9. Be3 Nd7 (9... Qxb2 10.
Na4 $18) 10. Qd2 Nxd4 (10... Qxb2 $2 11. Ra2 $1 Qb6 12. Nxe6 $1 $16) ({A
possible variation could be} 10... Qc7 11. O-O-O b5 12. Ndxb5 $5 (12. Nxc6 Qxc6
13. Bd4 Bb7 14. Kb1 Ne5 15. Be2 Be7 16. f4 Nc4 17. Bxc4 Qxc4 18. Bxg7 $16)
12... axb5 13. Nxb5 Qb7 14. Nxd6+ Bxd6 15. Qxd6 $14) 11. Bxd4 Qa5 12. O-O-O b5
13. f4 Rb8 (13... b4 14. Na2 $1 $16 e5 15. Be3 Nf6 16. h3 Nxe4 17. Qxb4 Qxb4
18. Nxb4 $16) 14. Kb1 $1 e5 (14... b4 15. Na2 e5 16. Ba7 Ra8 17. Be3 $16) 15.
fxe5 dxe5 16. Be3 Nf6 {Diagram [#]} {Artemiev has played the opening quite
poorly and currently stands at a huge disadvantage. If you were in Karjakin's
shoes, how would you finish him off?} 17. Bg5 {Played after ten and a half
minutes of thought. Though this is not bad, and gives Karjakin a good edge, he
had a winning move at his disposal.} (17. g5 $1 Ng4 (17... Nd7 18. Bh3 Rb7 19.
Rhf1 {is simply crushing.}) 18. Bg1 $1 {The threat now is to simply play h3
and trap the knight. It seems as if Black has no good defence at his disposal
but he can try to complicate matters. Here are a few options:} h6 $5 {Maybe
this is the reason why Karjakin rejected 17.g5.} (18... Be6 19. h3 b4 20. Nd5
Bxd5 21. Qxd5 Qxd5 22. Rxd5 bxa3 23. b3 $18 {After all the precautionary moves,
we are all ready to take the knight on g4.}) (18... Rb7 19. h3 Rd7 20. Bd3 $18)
(18... b4 19. Nd5 $18 {The pawn on b4 is pinned and there is no good way to
prevent h3.}) (18... Bxa3 19. bxa3 b4 {Here White has many ways to win. The
most human could be} 20. Qd6 {[%cal Gd6b8]} Rb7 21. Qc6+ Rd7 (21... Kf8 22.
Qxc8+ $18) 22. Qxc8+ $18) 19. h3 hxg5 20. Be2 Nf6 (20... Be7 $2 21. Ba7 $1 {
Protecting the h1 rook with a tempo.} Ra8 22. Bxg4 Bxg4 23. hxg4 Rxh1 24. Rxh1
Rxa7 25. Rh8+ Bf8 26. Qd6 $18) 21. Qxg5 $1 {Attacking the e5 pawn which is
quite difficult to defend.} Qc7 22. Bh2 $1 Bd6 23. Rxd6 Qxd6 24. Bxe5 $18)
17... Be7 (17... Bxg4 18. Bxf6 (18. Be2 Bxe2 19. Qxe2 Be7) 18... gxf6 (18...
Bxd1 19. Bh3 $18 (19. Bxb5+ axb5 20. Rxd1 $18 {is even stronger.})) 19. Be2 Be6
$14 {is quite tenable for Black.}) 18. Bxf6 Bxf6 19. g5 Be7 20. h4 Be6 21. Bh3
$1 {The knight on c3 will be superior to the e7 bishop after the light-squared
bishops are exchanged. Even though Artemiev makes sure that he himself doesn't
take the bishop and instead forces Karjakin to exchange on e6 when the d5
square would be covered, yet White's prospects are better as we shall see in
the game.} Rd8 (21... b4 $2 22. Bxe6 bxc3 (22... fxe6 23. Qd7+ Kf8 24. Rhf1+
$18) 23. Qd7+ Kf8 24. Rhf1 $3 {A cool and calm move which finishes off the
opponent.} (24. Bb3 {is the not so flashy way to win.}) 24... Rxb2+ (24... f6
25. gxf6 gxf6 26. Rxf6+ Bxf6 27. Qf7#) 25. Kc1 $1 $18) 22. Qh2 Qc7 23. Rxd8+
Bxd8 24. Rd1 (24. Bxe6 $142 fxe6 25. Qh3 Qc6 26. Qf3 $16) 24... O-O 25. Nd5 Qc4
26. Nc3 {The fact that Karjakin had to retreat clearly shows the he is not in
the best possible form in the tournament and White's advantage is no longer as
threatening as it was a few moves ago.} Bc7 (26... Bxh3 27. Qxh3 Ba5 $5 {
The knight cannot move as e4 would fall but on the other hand b4 weakens the
king and is not a move one would like to make.} 28. b4 Bd8 29. Qe3 Qe6 {
Thanks to the weakness created by b4, Black has pretty good chances.}) 27. Qg3
b4 28. axb4 Qxb4 29. Bxe6 fxe6 30. h5 Rb8 31. b3 $16 {With the knight coming
to a4, things will be complelely sealed on the queenside and White's play will
be very strong on the other flank. Karjakin won without many difficulties.} Qe7
32. g6 Kh8 33. Qd3 Ba5 34. Rf1 Rd8 (34... Bxc3 35. Qxc3 $16) 35. Qc4 Qe8 36.
Rf7 Rc8 37. Qf1 $1 h6 (37... Bxc3 38. h6 $1 hxg6 39. hxg7+ Kh7 (39... Kg8 40.
Rf8+ $18) 40. Qh3+ Kg8 41. Rb7 $18) 38. Na4 $18 {The rest is not at all
difficult for a player of Karjakin's stature.} Bb4 39. Qxa6 Qd8 40. Qd3 Qh4 41.
Kb2 Qxh5 42. Rb7 Ba5 43. Ra7 Be1 44. Qd7 Rg8 45. Qf7 Bb4 46. Rb7 Bf8 47. Qxe6
Qg5 48. Nc3 Qg1 49. b4 Qd4 50. Kb3 Qd8 51. Nd5 Bxb4 52. Nxb4 Qa8 53. Qf7 1-0